[Event "CZE Tschechien-ch"]
[Site "Prague"]
[Date "1994.??.??"]
[Round "6"]
[White "Adamek, Zdenek"]
[Black "Svatos, Jan"]
[Result "1/2-1/2"]
[WhiteElo "2120"]
[BlackElo "2280"]

1.d4 Nf6 2.c4 g6 3.Nc3 Bg7 4.e4 d6 5.Nf3 O-O 6.Be2 e5 7.d5 Na6 8.Be3 Nh5
9.Nd2 Nf4 10.O-O f5 11.exf5 Nxe2+ 12.Qxe2 gxf5 13.f4 e4 14.Nb3 c5 15.a3 Nc7
16.Rac1 Bd7 17.Nd2 Qe8 18.b4 cxb4 19.axb4 b5 20.Rfd1 Qf7 21.Ndb1 bxc4 22.Qxc4 Rfc8
23.Qe2 a6 24.Bd4 Nb5 25.Bxg7 Qxg7 26.Qe3 Rc4 27.Nxb5 Bxb5 28.Rxc4 Bxc4 29.Nd2 Bxd5
30.Nf1 Bc4 31.Ng3 Rf8 32.Rxd6 Qa1+ 33.Kf2 Qb2+ 34.Qd2 Qxd2+ 35.Rxd2 Rb8 36.Nxf5 Rxb4
37.Nd6 Bd3 38.Ke3 a5 39.f5 a4 40.Ra2 Rb3 41.Kd4 a3 42.Nxe4 Bb1 43.Ra1 Rb4+
44.Kc3 Rxe4  1/2-1/2

[Event "Bohemians"]
[Site "Prague"]
[Date "1994.??.??"]
[Round "7"]
[White "Danner, Georg"]
[Black "Wohlfart, Hubert"]
[Result "0-1"]
[WhiteElo "2440"]
[BlackElo "2190"]

1.d4 Nf6 2.c4 g6 3.Nc3 Bg7 4.e4 d6 5.Nf3 O-O 6.Be2 e5 7.d5 a5 8.Bg5 h6 9.Bh4 Na6
10.Nd2 Qe8 11.a3 Bd7 12.b3 Nh7 13.f3 h5 14.Rb1 Bh6 15.Bf2 Nc5 16.Qc2 Qe7
17.b4 axb4 18.axb4 Na4 19.Nxa4 Rxa4 20.c5 Qg5 21.Nc4 Rfa8 22.c6 bxc6 23.dxc6 Ra2
24.Nb2 Be6 25.O-O R8a3 26.h4 Qd8 27.Bc4 Bxc4 28.Qxc4 Nf8 29.Rfd1 Ne6 30.b5 Ra8
31.Nd3 Rxf2 32.Nxf2 Qxh4 33.Ra1 Rxa1 34.Rxa1 Be3 35.Qe2 Bd4 36.Ra8+ Kg7 37.f4 Nxf4
38.Qf3 Qg5 39.Kh2 Qh4+ 40.Kg1 g5 41.Ra4 Bc5 42.b6 g4 43.g3 Qh3 44.Qxf4 exf4
45.Ra3 f3  0-1

[Event "Praha Mladi"]
[Site "Prague"]
[Date "1994.??.??"]
[Round "8"]
[White "Ioseliani, Nana"]
[Black "Jirovsky, Petr"]
[Result "1-0"]
[WhiteElo "2435"]
[BlackElo "2245"]

1.c4 Nf6 2.Nc3 g6 3.d4 Bg7 4.e4 d6 5.Be2 O-O 6.Nf3 e5 7.Be3 c6 8.d5 c5 9.Nd2 Ne8
10.O-O f5 11.exf5 gxf5 12.f4 Nd7 13.Qc2 Qe7 14.Rae1 Ndf6 15.Kh1 b6 16.Bd3 Ng4
17.fxe5 Qxe5 18.Bg1 Qf6 19.Nf3 Bd7 20.h3 Ne5 21.Nxe5 dxe5 22.Bh2 f4 23.Bxh7+ Kh8
24.Bd3 Nd6 25.Ne4 Nxe4 26.Bxe4 Qd6 27.Qe2 Rf6 28.Bf3 Rg6 29.Bh5 Rh6 30.Bg4 Rg8
31.Bxd7 Qxd7 32.Rf3 Bf6 33.Qe4 Rhg6 34.Re2 Qa4 35.b3 Qa3 36.Rf1 Qa6 37.Rd1 Qb7
38.Qf5 Qg7 39.d6 Rg5 40.Qe4 Qd7 41.Rd3 Bg7 42.a3 a5 43.Bg1 Bf8 44.b4 axb4
45.axb4  1-0

[Event "Pula PCA op"]
[Site "Pula"]
[Date "1994.??.??"]
[Round "?"]
[White "Timoshenko, Georgy"]
[Black "Loncar, Robert"]
[Result "1-0"]
[WhiteElo "2520"]
[BlackElo "2430"]

1.d4 Nf6 2.c4 g6 3.Nc3 Bg7 4.e4 d6 5.Nf3 O-O 6.Be2 e5 7.d5 Nbd7 8.Bg5 h6
9.Bh4 g5 10.Bg3 Nh5 11.h4 g4 12.Nh2 Nxg3 13.fxg3 h5 14.O-O Bh6 15.Bd3 Nf6
16.Qe2 Ne8 17.Nd1 Ng7 18.Ne3 Bd7 19.Rf2 Qe7 20.Nf5 Nxf5 21.exf5 f6 22.Be4 Kh7
23.Nf1 a5 24.Qd3 Rfb8 25.Rc2 b6 26.b3 Ra7 27.Qe2 Qe8 28.Rd1 Qc8 29.Qf2 Raa8
30.Nd2 Bxd2 31.Rdxd2 Qf8 32.Kh2 Qh6 33.a3 Be8 34.Re2 Kh8 35.Rc3 Rb7 36.b4 axb4
37.axb4 Ra4 38.c5 bxc5 39.bxc5 Rd4 40.cxd6 cxd6 41.Rc8 Qf8 42.Qe3 Kg7 43.Ra2 Qf7
44.Raa8 Rbb4 45.Rxe8 Rxe4 46.Qa7 Rb7 47.Rg8+ Kh6 48.Rh8+ Kg7 49.Rag8+  1-0

[Event "Pula PCA op"]
[Site "Pula"]
[Date "1994.??.??"]
[Round "?"]
[White "Shneider, Aleksandr"]
[Black "Fercec, Nenad"]
[Result "1/2-1/2"]
[WhiteElo "2570"]
[BlackElo "2385"]

1.d4 Nf6 2.c4 g6 3.Nc3 Bg7 4.e4 d6 5.Be2 O-O 6.Nf3 e5 7.d5 a5 8.Be3 Ng4 9.Bg5 f6
10.Bd2 Na6 11.h3 Nh6 12.g4 Nc5 13.Be3 b6 14.Rg1 Kh8 15.Qd2 Nf7 16.O-O-O f5
17.gxf5 gxf5 18.Ng5 f4 19.Nxf7+ Rxf7 20.Bxc5 bxc5 21.Bg4 f3 22.Bxc8 Rxc8
23.Rg4 Rf4 24.Rxf4 exf4 25.Qxf4 Qe7 26.Qxf3 Rf8 27.Qe2 Qh4 28.f3 Qxh3 29.Rf1 Be5
30.Nd1 Rg8 31.Kc2 Bd4 32.Kb1 Rg2 33.Qd3 a4 34.Re1 Qh2 35.Qa3 h5 36.f4 Qxf4
37.Qxa4 Qe5 38.Qa8+ Kh7 39.Qb7 Rg7 40.a4 Qg3 41.Rh1 Qf3 42.Re1 Qd3+ 43.Ka2 Qxc4+
44.Qb3 Qxb3+ 45.Kxb3 Rg1 46.Rxg1 Bxg1 47.Nc3 h4 48.Ne2 h3 49.Ng3 c4+ 50.Kxc4 Kg6
51.Kd3 Kg5 52.e5 dxe5 53.Ke4 Kg4 54.Nf1 Bd4 55.b4 Bc3 56.b5 Be1 57.Kxe5 Kf3
58.Kf5 Kf2 59.Nh2 Kg3 60.Nf1+ Kf2 61.Nh2 Kg2 62.Ng4 Bd2 63.b6 cxb6 64.d6 Bb4
65.Ke6 Bxd6  1/2-1/2

[Event "CRO-Cup"]
[Site "Pula"]
[Date "1994.??.??"]
[Round "1"]
[White "Doric, Nenad"]
[Black "Ljubicic, Filip"]
[Result "0-1"]
[WhiteElo "2290"]
[BlackElo "2335"]

1.Nf3 Nf6 2.c4 g6 3.Nc3 Bg7 4.e4 d6 5.d4 O-O 6.Be2 e5 7.d5 a5 8.Bg5 h6 9.Bh4 Na6
10.Nd2 Qe8 11.a3 Bd7 12.b3 Nh7 13.O-O f5 14.exf5 gxf5 15.Bh5 Qb8 16.Be7 Re8
17.Bxe8 Qxe8 18.Bh4 e4 19.Qc2 Qh5 20.Bg3 Rf8 21.f4 Bd4+ 22.Kh1 Rf7 23.Rae1 Nf6
24.Nd1 Rg7 25.Bf2 Ng4 26.h3 Nxf2+ 27.Rxf2 Bxf2 28.Nxf2 Qh4 29.Rf1 e3 30.Nf3 Qxf4
31.Nd3 Qe4 32.Nfe1 c6 33.Rf4 Qe7 34.Qe2 cxd5 35.cxd5 Nc7 36.Qf3 Qf7 37.Rd4 Nb5
38.Qxe3 Nxd4 39.Qxd4 Qe7 40.Qf4 Qe4 41.Qxd6 Bb5 42.Qe6+ Qxe6 43.dxe6 Rg3  0-1

[Event "Reno op"]
[Site "Reno"]
[Date "1994.??.??"]
[Round "?"]
[White "McCormick, James"]
[Black "Remlinger, Larry"]
[Result "0-1"]
[WhiteElo "2235"]
[BlackElo "2425"]

1.d4 Nf6 2.c4 g6 3.Nc3 Bg7 4.e4 d6 5.Nf3 O-O 6.Be2 e5 7.d5 a5 8.Bg5 h6 9.Bh4 Qe8
10.Nd2 Na6 11.g4 Nh7 12.f3 Bd7 13.Bf2 a4 14.Nf1 a3 15.b3 f5 16.h3 fxe4 17.Nxe4 Rf4
18.Nfg3 b6 19.Qd2 Nc5 20.Be3 Ng5 21.Nxg5 hxg5 22.O-O e4 23.Bxf4 gxf4 24.Nxe4 Nxe4
25.fxe4 Bxa1 26.Rxa1 Qxe4 27.Rf1 Re8 28.Rf2 g5 29.h4 gxh4 30.Rxf4 Qxe2 31.Rf8+ Kxf8
32.Qh6+ Kf7 33.Qh5+ Kf6  0-1

[Event "Rishon Le Ziyyon"]
[Site "Rishon Le Ziyyon"]
[Date "1994.??.??"]
[Round "8"]
[White "Kanstler, Boris"]
[Black "Sutovskij, Emil"]
[Result "0-1"]
[WhiteElo "2430"]
[BlackElo "2480"]

1.d4 Nf6 2.c4 g6 3.Nc3 Bg7 4.e4 d6 5.Nf3 O-O 6.Be2 Nbd7 7.O-O e5 8.Re1 c6
9.Bf1 exd4 10.Nxd4 Re8 11.Nf3 Nc5 12.e5 dxe5 13.Qxd8 Rxd8 14.Nxe5 Bf5 15.Be3 Nfe4
16.Nxe4 Nxe4 17.f4 Re8 18.Rad1 Bxe5 19.fxe5 Rxe5 20.Bh6 Rae8 21.Bd3 Bg4 22.Rc1 Nc5
23.Rxe5 Rxe5 24.Bf1 f6 25.Bf4 Re4 26.Bb8 a6 27.Ba7 Nd7 28.b4 Ne5 29.Bb8 Be6
30.Bxe5 fxe5 31.Kf2 Kf7 32.a4 Ke7 33.a5 Kd6 34.Be2 Kc7 35.b5 Rf4+ 36.Ke3 axb5
37.cxb5 Bd5 38.Bf3 Rc4 39.b6+ Kd6 40.a6 bxa6 41.Rb1 Rc3+ 42.Kd2 Rb3 43.Rxb3 Bxb3
44.b7 Kc7 45.Bxc6 Bc4 46.Kc3 Bb5 47.Bd5 a5  0-1

[Event "ROM-chT"]
[Site "ROM"]
[Date "1994.??.??"]
[Round "?"]
[White "Ignat, Diana"]
[Black "Gheorghe, Anca"]
[Result "1-0"]
[WhiteElo "2050"]
[BlackElo "2035"]

1.d4 Nf6 2.c4 g6 3.Nc3 Bg7 4.e4 d6 5.Nf3 O-O 6.Be2 e5 7.d5 a5 8.O-O Nbd7
9.Be3 Ng4 10.Bg5 f6 11.Bh4 Nc5 12.Ne1 Nh6 13.Nd3 Nxd3 14.Bxd3 Qe8 15.Qc2 f5
16.f3 f4 17.Kh1 Nf7 18.Nb5 Qd7 19.c5 dxc5 20.Qxc5 c6 21.Nc3 g5 22.Be1 Rd8
23.Be2 Bf8 24.Qc4 Bb4 25.Rd1 c5 26.a3 Bxc3 27.Bxc3 b6 28.Qd3 Qe7 29.Qc2 Ra7
30.b3 Bd7 31.Qb2 Re8 32.b4 axb4 33.axb4 Rea8 34.Qb1 Ra3 35.Rc1 Nd6 36.bxc5 bxc5
37.Qb6 Rc8 38.Rfe1 Ra2 39.Ra1 Kf7 40.Ba6 Ra8 41.Qxc5 Kf6 42.Qb6 Be8 43.Bb4  1-0

[Event "ROM-chT"]
[Site "ROM"]
[Date "1994.??.??"]
[Round "?"]
[White "Racasan, Sebastian"]
[Black "Milu, Romeo Sorin"]
[Result "0-1"]
[WhiteElo "2210"]
[BlackElo "2430"]

1.d4 Nf6 2.c4 g6 3.Nc3 Bg7 4.e4 d6 5.Nf3 O-O 6.Be2 e5 7.d5 a5 8.Bg5 h6 9.Bxf6 Qxf6
10.Qd2 Na6 11.Rg1 Qf4 12.O-O-O Bd7 13.Kb1 a4 14.g3 Qf6 15.Qe3 Nc5 16.Ne1 Qg5
17.Qxg5 hxg5 18.g4 Bf6 19.Nd3 Nxd3 20.Rxd3 Kg7 21.Rc1 Bd8 22.h3 Ra5 23.Rg3 Be7
24.Nb5 c6 25.Nc3 Rfa8 26.Rd1 Rc5 27.Rc1 Be8 28.Rd1 Kf8 29.Rc1 Bd8 30.Rd1 Ke7
31.Rf3 Rca5 32.Rfd3 Bc7 33.R3d2 Rd8 34.Bf1 Bb6 35.f3 Bc5 36.a3 Raa8 37.Ka2 Bd7
38.Rg2 Bd4 39.Ne2 c5 40.Rh2 b5 41.Nxd4 exd4 42.Rf2 Rh8 43.Rh2 Kf6  0-1

[Event "ROM-chT"]
[Site "ROM"]
[Date "1994.??.??"]
[Round "?"]
[White "Muresan, Margareta"]
[Black "Negulescu Dan, Sorina"]
[Result "1/2-1/2"]
[WhiteElo "2215"]
[BlackElo "2030"]

1.Nf3 Nf6 2.c4 g6 3.Nc3 Bg7 4.e4 d6 5.d4 O-O 6.Be2 e5 7.O-O Nbd7 8.Re1 c6
9.Bf1 Qe7 10.Rb1 a5 11.b3 Rd8 12.d5 c5 13.a3 h6 14.Bd2 Kh7 15.g3 Nf8 16.h3 Ng8
17.Bg2 f5 18.exf5 gxf5 19.Nh4 Bf6 20.Qh5 Qe8 21.Qxe8 Rxe8 22.Nb5 Rd8 23.Nf3 b6
24.Nh2 Ng6 25.h4 Rb8 26.b4 axb4 27.axb4 e4 28.bxc5 dxc5 29.f4 Bd7 30.h5 N6e7
31.g4 Bxb5 32.Rxb5 Nc8 33.Rbb1 Nd6 34.Bf1 b5 35.cxb5 c4 36.gxf5 c3 37.Be3 Nxf5
38.Ng4 Bg7 39.Ba7 Rb7 40.b6 Bd4+ 41.Kh2 Rg7 42.Bh3 Nh4 43.Rxe4 Nf3+ 44.Kg3 Nd2
45.Rxd4 Nxb1 46.Bf1 Kh8 47.Bd3 Nd2 48.Bc2 Nf6 49.b7 Rxg4+ 50.Kh3 Rdg8 51.Rd3 Nde4
52.b8=Q Rxb8 53.Bxb8 Nf2+ 54.Kh2 Nxd3 55.Bxd3 Nxd5 56.Be5+ Kg8 57.Bc4 c2
58.Bxd5+ Kf8 59.Bb2 Rxf4 60.Bc1 Rh4+ 61.Kg3 Rxh5 62.Be4 Rc5  1/2-1/2

[Event "ROM-chT"]
[Site "ROM"]
[Date "1994.??.??"]
[Round "?"]
[White "Nutu Gajic, Dana"]
[Black "Skripchenko, Almira"]
[Result "1-0"]
[WhiteElo "2330"]
[BlackElo "2235"]

1.d4 Nf6 2.c4 g6 3.Nc3 Bg7 4.e4 O-O 5.Nf3 d6 6.Be2 e5 7.Be3 Ng4 8.Bg5 f6
9.Bh4 g5 10.Bg3 Nh6 11.O-O Nc6 12.d5 Ne7 13.Nd2 f5 14.f3 f4 15.Bf2 c5 16.dxc6 bxc6
17.b4 Be6 18.Nb3 Qd7 19.b5 c5 20.Qd2 Rfd8 21.Rfd1 Qe8 22.Na5 Rab8 23.Qe1 Bf6
24.Rd2 Qg6 25.Rad1 Nf7 26.Kh1 Kh8 27.Nd5 Bxd5 28.cxd5 Rg8 29.Nc6 Rb7 30.a4 g4
31.fxg4 h5 32.Bh4 Kg7 33.Bxf6+ Qxf6 34.gxh5 Ng5 35.Bg4 Kh6 36.h3 Nc8 37.Rb1 Nb6
38.Rc2 f3 39.a5 Nc8 40.Qe3 fxg2+ 41.Rxg2 Qf4 42.Qxf4 exf4 43.Bf5 Re8 44.Rbg1 Nf3
45.Rg6+ Kxh5 46.Rg8 Rxg8 47.Rxg8 Kh6 48.Nd8  1-0

[Event "ROM-chT"]
[Site "ROM"]
[Date "1994.??.??"]
[Round "?"]
[White "Olarasu, Gabriela"]
[Black "Olteanu, Gabriela"]
[Result "1-0"]
[WhiteElo "2250"]
[BlackElo "2055"]

1.d4 g6 2.c4 Bg7 3.Nc3 d6 4.Nf3 Nd7 5.e4 e5 6.Be2 Ngf6 7.O-O O-O 8.Re1 c6
9.Bf1 a5 10.Rb1 Re8 11.b3 exd4 12.Nxd4 Nc5 13.f3 Nfd7 14.Be3 Qc7 15.Qd2 Ne5
16.h3 f6 17.f4 Nf7 18.Bf2 Ne6 19.Nf3 b6 20.g3 Rb8 21.Bg2 Bb7 22.a3 Ba6 23.Bf1 Bb7
24.b4 axb4 25.axb4 Ra8 26.Rbc1 c5 27.Nd5 Bxd5 28.cxd5 Nf8 29.Nd4 Qe7 30.Nc6 Qc7
31.Bb5 Rac8 32.Ra1 Kh8 33.Kg2 Nd8 34.Ba6 Nxc6 35.Bxc8 Rxc8 36.dxc6 Qxc6 37.Qd5 Qc7
38.bxc5 bxc5 39.Ra6 Rd8 40.Rb1 Rd7 41.Ra8 f5 42.Rbb8 Rf7 43.e5 h5 44.exd6 Qd7
45.Rd8  1-0

[Event "ROM-chT"]
[Site "ROM"]
[Date "1994.??.??"]
[Round "?"]
[White "Ionescu, Constantin"]
[Black "Rogozenko, Dorin"]
[Result "1/2-1/2"]
[WhiteElo "2440"]
[BlackElo "2415"]

1.d4 Nf6 2.c4 d6 3.Nc3 Nbd7 4.e4 e5 5.Nf3 g6 6.Be2 Bg7 7.O-O O-O 8.Re1 Re8
9.Bf1 a6 10.Rb1 exd4 11.Nxd4 c6 12.Nb3 Qc7 13.Bf4 Ne5 14.Rc1 Be6 15.Nd5 Qd8
16.Nxf6+ Bxf6 17.Rc2 Re7 18.Bg3 c5 19.f4 Nc6 20.Rd2 Rd7 21.Bf2 Bg7 22.g4 b5
23.f5 Bxc4 24.Nxc5 Rc7 25.Rxd6 Qg5 26.Be3 Qh4 27.Bf2 Qg5 28.Be3 Qh4 29.Bf2  1/2-1/2

[Event "ROM-chT"]
[Site "ROM"]
[Date "1994.??.??"]
[Round "?"]
[White "Muresan, Margareta"]
[Black "Foisor, Cristina Adela B"]
[Result "1/2-1/2"]
[WhiteElo "2215"]
[BlackElo "2400"]

1.d4 d6 2.Nf3 g6 3.c4 Bg7 4.Nc3 Nf6 5.e4 O-O 6.Be2 Na6 7.O-O e5 8.Be3 Ng4
9.Bg5 f6 10.Bc1 c6 11.h3 Nh6 12.dxe5 dxe5 13.Qxd8 Rxd8 14.Be3 Nf7 15.Rfd1  1/2-1/2

[Event "ROM-chT"]
[Site "ROM"]
[Date "1994.??.??"]
[Round "?"]
[White "Litinskaya, Marta I"]
[Black "Sheremetieva, Marina"]
[Result "1-0"]
[WhiteElo "2290"]
[BlackElo "2260"]

1.d4 Nf6 2.c4 g6 3.Nc3 Bg7 4.e4 d6 5.Nf3 O-O 6.Be2 e5 7.O-O exd4 8.Nxd4 Re8
9.f3 c6 10.Nc2 Be6 11.Be3 Na6 12.Qd2 Nc7 13.Rad1 d5 14.cxd5 cxd5 15.e5 Nd7
16.f4 f6 17.Nd4 Bf7 18.Ndb5 fxe5 19.Nxc7 Qxc7 20.Nxd5 Qd6 21.f5 Rad8 22.fxg6 Qxg6
23.Bg5 Nb6 24.Ne7+ Rxe7 25.Qxd8+ Re8 26.Qd2 Bd5 27.Rf2 Rc8 28.Be3 Rc2 29.Qd3 Qxd3
30.Bxd3 Rxf2 31.Kxf2 e4 32.Bc2 Bc6 33.Bb3+ Kf8 34.Rd8+ Ke7 35.Bg5+ Bf6 36.Bxf6+ Kxf6
37.Ke3 Nd7 38.Bd5 Ke7 39.Bxc6 bxc6 40.Ra8 Nb6 41.Rxa7+ Kd6 42.h3 h5 43.Rg7  1-0

[Event "ROM-chT"]
[Site "ROM"]
[Date "1994.??.??"]
[Round "?"]
[White "Grigore, George"]
[Black "Dragomirescu, Calin"]
[Result "1-0"]
[WhiteElo "2455"]
[BlackElo "2230"]

1.d4 Nf6 2.c4 g6 3.Nc3 Bg7 4.e4 d6 5.Be2 O-O 6.Nf3 e5 7.O-O exd4 8.Nxd4 Re8
9.f3 c6 10.Kh1 Nh5 11.g4 Nf6 12.Bf4 h5 13.g5 Nh7 14.Rg1 Nd7 15.Qd2 Ne5 16.Rad1 a5
17.Nc2 Be6 18.Ne3 a4 19.Nb1 Bf8 20.h4 Qa5 21.Qc1 Rad8 22.Bh2 Bc8 23.f4 Nd7
24.Bf3 Nc5 25.Qc2 Qb6 26.Rge1 Bg7 27.Rd2 Nf8 28.Bg1 Nfe6 29.Ng2 Qxb2 30.Qxb2 Bxb2
31.Rxb2 Nd3 32.Rbe2 Nxe1 33.Rxe1 Nc5 34.Nd2 Be6 35.Be2 Bh3 36.Bf1 Rb8 37.Re3 Be6
38.f5 Bd7 39.Bh2 Rbd8 40.fxg6 fxg6 41.Bxd6 Be6 42.e5 Bf5 43.Kg1 b6 44.Kf2 Nb7
45.Bb4 Nc5 46.Ne1 Rf8 47.Kg1 Rd4 48.Nef3 Rf4 49.Bxc5 bxc5 50.Bd3 Be6 51.Bxg6 Kg7
52.Be4 Rb8 53.Bxc6 Rg4+ 54.Kf2 Rb2 55.a3 Rxc4 56.Rd3 Rf4 57.Ke3 Rg4 58.Bd7 Bxd7
59.Rxd7+ Kf8 60.e6 Ra2 61.Ne5 Rxa3+ 62.Kf2 Rd4 63.g6 Ra2 64.g7+ Kg8 65.Rxd4 cxd4
66.e7  1-0

[Event "Saanen"]
[Site "Saanen"]
[Date "1994.??.??"]
[Round "7"]
[White "Leutwyler, Martin"]
[Black "Oratovsky, Michael"]
[Result "0-1"]
[WhiteElo "2210"]
[BlackElo "2485"]

1.d4 Nf6 2.Nf3 d6 3.c4 g6 4.Nc3 Nbd7 5.e4 e5 6.Be2 Bg7 7.O-O O-O 8.d5 Nc5
9.Qc2 a5 10.Bg5 h6 11.Be3 Nh5 12.Ne1 Nf4 13.Nd3 Nxe2+ 14.Qxe2 b6 15.f3 f5
16.b3 h5 17.Nf2 f4 18.Bxc5 bxc5 19.Rfb1 g5 20.h3 Bh6 21.Kf1 g4 22.hxg4 hxg4
23.Ke1 Rf6 24.Kd2 Rg6 25.Rh1 Bd7 26.a4 Bg7 27.Rag1 Qg5 28.Qe1 Kf7 29.Nb5 Rh8
30.Rxh8 Bxh8 31.Rf1 gxf3 32.gxf3 Qg2 33.Qe2 Bf6 34.Nxc7 Bh4 35.Ne6 Rg3 36.Nh1 Qxe2+
37.Kxe2 Rg2+ 38.Nf2 Bxe6 39.dxe6+ Kxe6  0-1

[Event "Sala op"]
[Site "Sala"]
[Date "1994.??.??"]
[Round "1"]
[White "Veselsky, Jozef"]
[Black "Kral, Peter"]
[Result "1-0"]
[WhiteElo "2260"]
[BlackElo "2210"]

1.d4 Nf6 2.Nf3 g6 3.c4 Bg7 4.Nc3 O-O 5.e4 d6 6.Be2 e5 7.dxe5 dxe5 8.Qxd8 Rxd8
9.Bg5 h6 10.Bxf6 Bxf6 11.Nd5 Nd7 12.O-O-O Bg7 13.Nxc7 Rb8 14.Nd5 b6 15.Ne7+ Kf8
16.Nc6  1-0

[Event "Sala op"]
[Site "Sala"]
[Date "1994.??.??"]
[Round "3"]
[White "Veselsky, Jozef"]
[Black "Valach, Boris"]
[Result "1-0"]
[WhiteElo "2260"]
[BlackElo "2260"]

1.d4 Nf6 2.Nf3 g6 3.c4 Bg7 4.Nc3 O-O 5.e4 d6 6.Be2 Nbd7 7.O-O e5 8.dxe5 dxe5
9.Be3 c6 10.h3 Qc7 11.Qd2 Re8 12.Rfd1 Nf8 13.Bc5 Nh5 14.Bd6 Qd8 15.Kh2 Nf4
16.Bf1 f5 17.g3 Nh5 18.c5 Qf6 19.Bc4+ Kh8 20.Re1 fxe4 21.Ng5 Ne6 22.Ncxe4 Qf5
23.g4 Qf4+ 24.Qxf4 Nhxf4 25.Nf7+ Kg8 26.Nxe5 Nd5 27.Rad1 Nef4 28.Nd3 Be6
29.Ng5 Nxd3 30.Rxd3 Bf7 31.Rxe8+ Rxe8 32.Nxf7 Kxf7 33.Rb3 b5 34.cxb6 axb6
35.Rxb6  1-0

[Event "Sala op"]
[Site "Sala"]
[Date "1994.??.??"]
[Round "6"]
[White "Priehoda, Vitezslav"]
[Black "Golod Ratner, A."]
[Result "1/2-1/2"]
[WhiteElo "2400"]
[BlackElo "2080"]

1.d4 Nf6 2.c4 d6 3.Nc3 e5 4.Nf3 Nbd7 5.e4 g6 6.Be2 Bg7 7.O-O O-O 8.Re1 c6
9.Bf1 Re8 10.d5 c5 11.Rb1 Rf8 12.g3 h6 13.Bg2 Ne8 14.Qc2 f5 15.Nh4 Qf6 16.exf5 gxf5
17.Bd2 e4 18.Ne2 Ne5 19.Nf4 Qf7 20.b4 cxb4 21.Bxb4 Bf6 22.Bc3 Bxh4 23.gxh4 Kh7
24.c5 Rg8 25.Kh1 Ng6 26.Nxg6 Rxg6 27.f3 Qxd5 28.fxe4 Qxc5 29.exf5 Bxf5 30.Rxb7+ Ng7
31.Qb2 Rg8 32.Ree7 Bh3 33.Rxg7+ R8xg7 34.Rxg7+ Rxg7 35.Bxg7 Bxg2+ 36.Kxg2 Qd5+
37.Kf2 Qf5+ 38.Ke3 Qh3+ 39.Ke4 Qg4+ 40.Kd5 Qxg7 41.Qxg7+ Kxg7 42.Kxd6 Kg6
43.Ke5 Kh5 44.Kf6 Kxh4 45.Kg6 h5 46.a4 Kg4 47.h3+ Kxh3 48.Kxh5 Kg3 49.Kg5 Kf3
50.Kf5 Ke3 51.Ke5 Kd3 52.Kd5 Kc3 53.Kc5 Kb3 54.Kb5 a6+ 55.Kxa6 Kxa4  1/2-1/2

[Event "Sala op"]
[Site "Sala"]
[Date "1994.??.??"]
[Round "6"]
[White "Zagorskis, Darius"]
[Black "Timoshchenko, Gennadi A"]
[Result "1/2-1/2"]
[WhiteElo "2450"]
[BlackElo "2520"]

1.d4 Nf6 2.c4 g6 3.Nc3 Bg7 4.e4 d6 5.Nf3 O-O 6.Be2 e5 7.O-O Na6 8.Qc2 Nb4
9.Qd1 Na6 10.Be3 Ng4 11.Bg5 f6 12.Bd2 exd4 13.Nxd4 f5 14.Nc2 Nf6 15.exf5 Bxf5
16.Nd4 Qd7 17.Nxf5 Qxf5 18.Be3 Nc5 19.Rc1 a5 20.Qc2 Ng4 21.Qxf5 gxf5 22.Bxg4 fxg4
23.Rfd1 Rae8 24.b3 b6 25.Nd5  1/2-1/2

[Event "Sala op"]
[Site "Sala"]
[Date "1994.??.??"]
[Round "7"]
[White "Timoshchenko, Gennadi A"]
[Black "Golod, Vitali"]
[Result "1-0"]
[WhiteElo "2520"]
[BlackElo "2510"]

1.d4 Nf6 2.c4 g6 3.Nc3 Bg7 4.e4 d6 5.Nf3 O-O 6.Be2 e5 7.Be3 Ng4 8.Bg5 f6
9.Bh4 Nc6 10.d5 Ne7 11.Nd2 Nh6 12.f3 f5 13.Bf2 f4 14.g4 fxg3 15.hxg3 g5 16.Nf1 c5
17.Ne3 Ng6 18.Qd2 Rf6 19.Rh5 Nf7 20.O-O-O Ne7 21.Rh2 a6 22.Rdh1 Rh6 23.Bf1 Bd7
24.Bh3 Bxh3 25.Rxh3 Rxh3 26.Rxh3 Qd7 27.Rh1 Rf8 28.g4 b5 29.Nf5 b4 30.Ne2 Ng6
31.Neg3 Bf6 32.Be3 Rb8 33.b3 a5 34.Qh2 Nf8 35.Nh6+ Kh8 36.Qh5 Rb7 37.Ngf5 Nxh6
38.Qxh6 Qd8 39.Rh5 Rf7 40.Kb2 a4 41.Bxg5 a3+ 42.Kc2 Kg8 43.Bxf6 Qxf6 44.Qxf6 Rxf6
45.g5 Rg6 46.Ne7+ Kf7 47.Nxg6 hxg6 48.Rh8 Kg7 49.Rxf8 Kxf8 50.f4 Kf7 51.Kd3  1-0

[Event "Sala op"]
[Site "Sala"]
[Date "1994.??.??"]
[Round "8"]
[White "Banas, Jan"]
[Black "Bednar, Jaromir"]
[Result "1-0"]
[WhiteElo "2390"]
[BlackElo "2180"]

1.c4 Nf6 2.Nc3 g6 3.e4 d6 4.d4 Bg7 5.Be2 O-O 6.Nf3 e5 7.d5 a5 8.Be3 Na6 9.Nd2 Nc5
10.O-O Ne8 11.Qc2 f5 12.exf5 gxf5 13.f4 e4 14.Nb3 b6 15.Nd4 Qf6 16.Kh1 Qf7
17.Nd1 Bf6 18.Nf2 h5 19.Qd2 Kh8 20.Nh3 Rg8 21.Rab1 a4 22.Nc2 Bd7 23.Bd4 Ng7
24.Ng5 Qe7 25.Bxf6 Qxf6 26.Nd4 Rgf8 27.Qe3 Kg8 28.Rbc1 Rfe8 29.Rc3 Re7 30.Nc2 Be8
31.Qc1 Rb8 32.Na3 Bg6 33.Rg3 Rbe8 34.Nb5 e3 35.Qc2 h4 36.Rh3 Ne4 37.Nxe4 Rxe4
38.Nxc7 R8e7 39.Nb5 Kf7 40.g3  1-0

[Event "Sala op"]
[Site "Sala"]
[Date "1994.??.??"]
[Round "9"]
[White "Timoshchenko, Gennadi A"]
[Black "Salai, Ladislav"]
[Result "1/2-1/2"]
[WhiteElo "2520"]
[BlackElo "2395"]

1.d4 Nf6 2.c4 g6 3.Nc3 Bg7 4.e4 d6 5.Nf3 O-O 6.Be2 e5 7.Be3 Ng4 8.Bg5 f6
9.Bh4 Nc6 10.d5 Ne7 11.Nd2 Nh6 12.f3 f5 13.Bf2 c5 14.dxc6 bxc6 15.b4 fxe4
16.fxe4 Be6 17.O-O d5 18.cxd5 cxd5 19.Qb3 Bf7 20.exd5 Nxd5 21.Nxd5 Qxd5 22.Qxd5 Bxd5
23.Bc4 Bxc4 24.Nxc4 Nf5 25.Rae1 Rfe8 26.Re4 Nd4 27.Bg3 Nb5 28.Be1 Rad8 29.a4 Rd4
30.Rxd4 Nxd4 31.Nd6 Re6 32.Ne4 Ra6 33.Nc3 Rc6 34.Nd5 Ne2+ 35.Kf2 Rc2 36.Ke3  1/2-1/2

[Event "San Sebastian op"]
[Site "San Sebastian"]
[Date "1994.??.??"]
[Round "3"]
[White "Llopis, Manuel"]
[Black "Lakunza, Juan Carlos"]
[Result "1/2-1/2"]
[WhiteElo "2295"]
[BlackElo "2265"]

1.d4 Nf6 2.c4 g6 3.Nc3 Bg7 4.e4 d6 5.Nf3 O-O 6.Be2 e5 7.Be3 h6 8.O-O Ng4
9.Bc1 Nc6 10.d5 Ne7 11.Nd2  1/2-1/2

[Event "San Sebastian op"]
[Site "San Sebastian"]
[Date "1994.??.??"]
[Round "7"]
[White "Franco Ocampo, Zenon"]
[Black "Damljanovic, Branko"]
[Result "1/2-1/2"]
[WhiteElo "2475"]
[BlackElo "2560"]

1.d4 Nf6 2.c4 g6 3.Nc3 Bg7 4.e4 d6 5.Be2 O-O 6.Nf3 e5 7.O-O exd4 8.Nxd4 Re8
9.f3 c6 10.Kh1 Nbd7 11.Bf4 Nh5 12.Bxd6 Qf6 13.Nb3 Nf4 14.Bxf4 Qxf4 15.Qc1 Qh4
16.Qe3 f5 17.g3 Qe7 18.c5 Nf6 19.Bc4+ Kh8 20.Rae1 fxe4 21.Nxe4 Bh3 22.Rf2 Nxe4
23.fxe4 Rad8 24.Rf7 Qe5 25.Bf1 Bc8 26.Rf2 Be6 27.Qf4 Rd7 28.Qxe5 Bxe5 29.Kg2 Kg7
30.Rc2 Red8 31.Bc4 Bg4 32.Be2 Be6 33.Bc4 Bxc4 34.Rxc4 Bxb2 35.e5 Re7 36.e6 Rde8
37.Re2 Bf6 38.Rce4 b6 39.Kf3 Rd8 40.cxb6 axb6 41.Rb4 b5 42.Nc5 Rd5 43.Nd7 Rd3+
44.Kf2 Bc3 45.Rbe4 Bd4+ 46.Kg2 Bc3 47.R4e3 Rxe3 48.Rxe3 Bb4 49.Re4 Bd6 50.g4 g5
51.Re2 Re8 52.h3 h6 53.Kf1 c5 54.Ke1 c4 55.Kd1 Rd8 56.Kc1 Ba3+ 57.Kb1 Re8
58.Kc2 Bb4 59.Kb2 Bd6 60.Kc3 Rc8 61.Kd4 c3 62.Kd3 b4 63.Kc2 Ra8 64.Kb3 Ra3+
65.Kc4 Ra8 66.Nb6 Rb8 67.Nd5 Rc8+ 68.Kb3 Rb8 69.Rf2 Rf8 70.Re2 Rb8 71.Rf2  1/2-1/2

[Event "San Sebastian op"]
[Site "San Sebastian"]
[Date "1994.??.??"]
[Round "8"]
[White "Damljanovic, Branko"]
[Black "Pastor, Pedro"]
[Result "1/2-1/2"]
[WhiteElo "2560"]
[BlackElo "2245"]

1.Nf3 Nf6 2.c4 d6 3.d4 g6 4.Nc3 Bg7 5.e4 O-O 6.Be2 e5 7.d5 Nbd7 8.Qc2 a6
9.Bg5 h6 10.Bd2 Nh5 11.g3 c5 12.Rb1 Nhf6 13.a3 b6 14.b4 Qc7 15.O-O Kh7 16.Rb3 Ne8
17.Nh4 Bf6 18.Ng2 h5 19.Rfb1 Qd8 20.bxc5 bxc5 21.Na4 h4 22.gxh4 Kg7 23.h5 Bg5
24.Bxg5 Qxg5 25.h4 Qh6 26.Rg3 Ndf6 27.hxg6 fxg6 28.Nb6 Rb8 29.Nxc8 Rxc8 30.Rf1 Kh8
31.f4 Nd7 32.f5 Rg8 33.Rg5 Ndf6 34.Qc1 Nh7 35.Qe3 Rc7 36.Rg3 Qxe3+ 37.Nxe3 g5
38.hxg5 Nxg5 39.Ng4 Nxe4 40.Rg2 N4f6 41.Nxf6 Nxf6 42.Rb1 Nd7 43.Bh5 Rf8 44.Bg6 e4
45.Rb3 Kg7 46.Re3 Ne5 47.Rxe4 Kf6 48.Rb2 Rg8 49.Rb6 Nxg6 50.fxg6 Rxg6+ 51.Kf2 Kf5
52.Re3 Rh7 53.Ke2 a5 54.Kd3 Rh2 55.Rb8 Ra2 56.Rf8+ Kg5 57.Rg3+ Kh6 58.Rh8+ Kg7
59.Rg8+ Kxg8 60.Rxg6+ Kf7 61.Rxd6 Rxa3+ 62.Kc2 a4 63.Rc6 Rh3 64.Kb2 a3+ 65.Ka2 Rc3
66.Rxc5 Ke7 67.Rc6 Rd3 68.Re6+ Kd7 69.Ra6 Rc3 70.Rc6 Rd3 71.Rh6 Rc3 72.Rh4 Kd6
73.Rd4 Rh3 74.c5+ Kxc5 75.Ra4  1/2-1/2

[Event "Sarospatak op"]
[Site "Sarospatak"]
[Date "1994.??.??"]
[Round "?"]
[White "Bekesi, Istvan"]
[Black "Berta, Krisztian"]
[Result "0-1"]
[WhiteElo "2070"]
[BlackElo "2225"]

1.d4 Nf6 2.c4 g6 3.Nc3 Bg7 4.e4 d6 5.Be2 O-O 6.Nf3 e5 7.d5 a5 8.h3 Na6 9.Be3 b6
10.O-O Nc5 11.Qc2 Bd7 12.b3 Nh5 13.a3 f5 14.Bg5 Qe8 15.Nd2 Nf4 16.Bf3 h6
17.Bh4 g5 18.Bg3 g4 19.hxg4 fxg4 20.Bd1 Qe7 21.b4 axb4 22.Nb5 Bxb5 23.cxb5 h5
24.f3 h4 25.Bf2 g3 26.Bxc5 bxc5 27.Nc4 bxa3 28.Ne3 Qg5 29.Re1 h3 30.Ra2 Qh4
31.Re2 Nxe2+ 32.Qxe2 Bh6 33.Ng4 h2+ 34.Kh1 Bc1 35.Qc2 Bb2 36.Be2 Qg5 37.Bc4 Rf7
38.Bb3 Rh7 39.b6 cxb6 40.Qe2 Rh4 41.Ne3 b5 42.Bd1 c4 43.Nf5 Rd8 44.Qe1 Rh7
45.Bc2 Rb7 46.Ne3 Bd4 47.Nf5 b4 48.Bd1 Bb2 49.Ne3 b3  0-1